Gapur iz Sunzha-I︠U︡rta : povestʹ /

Bibliographic Details
Main Author: Vedzizhev, Akhmet
Format: Book
Language:Russian
Published: Moskva : "Sovetskai︠a︡ Rossii︠a︡", 1983.

MARC

Tag First Indicator Second Indicator Subfields
LEADER 00000cam a2200000 a 4500
001 in00001478021
005 20151021062349.0
008 910104s1983 ru 000 0 rusod
035 |a (OCoLC)22923646 
035 |9 AJG1399AM 
040 |a OSU  |c OSU  |d TXA  |d UtOrBLW 
041 1 |a rus  |h cau 
049 |a TXAM 
090 |a PK9201.I69  |b V42 1983 
100 1 |a Vedzizhev, Akhmet. 
245 1 0 |a Gapur iz Sunzha-I︠U︡rta :  |b povestʹ /  |c Akhmet Vedzizhev. 
264 1 |a Moskva :  |b "Sovetskai︠a︡ Rossii︠a︡",  |c 1983. 
300 |a 203 pages :  |b illustrations ;  |c 20 cm. 
336 |a text  |b txt  |2 rdacontent 
337 |a unmediated  |b n  |2 rdamedia 
338 |a volume  |b nc  |2 rdacarrier 
500 |a Perevod s ingushskogo. 
948 |a c:ml 
999 |a MARS 
999 f f |s a59924ae-0b10-3f01-b34f-81666c3e1a2c  |i e19f8a74-733c-3547-b5fc-9b2986446288  |t 0 
952 f f |p ric  |a Texas A&M University  |b Rellis Campus  |c Joint Library Facility  |d Remote Storage  |t 0  |e PK9201.I69 V42 1983  |h Library of Congress classification  |i unmediated -- volume  |m A14824199080 
998 f f |a PK9201.I69 V42 1983  |t 0  |l Remote Storage